| 000 | 00879nam a2200253 a 4500 | ||
|---|---|---|---|
| 001 | 000036072 | ||
| 003 | DO-SdBNP | ||
| 005 | 20250219074027.0 | ||
| 008 | 100408s2006 dr c 000 0 spa d | ||
| 020 | _a9993479845 | ||
| 040 |
_aDO-SdBNP _bspa _cBNPHU |
||
| 082 | 4 |
_a928.61 _bP438sp _222 |
|
| 100 | 1 |
_aPérez, Isael, _d1961- _91414 |
|
| 245 | 1 | 0 |
_aEscritores de la provincia San Pedro de Macorís / _cIsael Pérez |
| 260 |
_aSanto Domingo : _bBúho, _c2006. |
||
| 300 |
_a322 p. : _bil., retrs. ; _c23 cm. |
||
| 504 | _aBibliografía: p. 309-312 | ||
| 590 | _aInventariado, 2022/MFF | ||
| 650 | 4 |
_aAutores dominicanos _9230 _vBiografías |
|
| 651 | 4 |
_aSan Pedro de Macorís (República Dominicana) _924875 _vBiografías |
|
| 651 | 4 |
_aSan Pedro de Macorís (República Dominicana) _zVida intelectual _962104 |
|
| 910 | _aValidado. Control de calidad MFF | ||
| 942 |
_2ddc _cLBS1 |
||
| 999 |
_c35563 _d35563 |
||